| 000 | 00520nam a2200193Ia 4500 | ||
|---|---|---|---|
| 005 | 20240613094123.0 | ||
| 008 | 131103s9999 xx 000 0 und d | ||
| 020 | _a0 19 564355 0 | ||
| 040 | _aLoreto College | ||
| 041 | _aEnglish | ||
| 082 |
_a574 _bBHA |
||
| 100 | _aBhattacharya, Sanghamitra | ||
| 245 |
_aExplore biology _b for the middle school 2 _cSanghamitra Bhattacharya |
||
| 260 |
_aDelhi _bOxford University Press _c1997 |
||
| 300 |
_a80p. _b ill. |
||
| 650 | _aBiology | ||
| 850 | _aLCBED | ||
| 942 | _cBK | ||
| 999 |
_c28270 _d78749 |
||